000
00334 a2200145 4500
001
168657
020
_a
040
_c
Magnum
100
_a
Santos, Boaventura de Souza
240
1
0
_a
Introducao a uma ciencia pos moderna
_l
por
245
1
0
_a
Introducao a uma ciencia pos moderna
362
0
_a
1899
697
_a
GERAL
942
_c
BK
999
_c
168657
_d
168657